00734nam a22002057a 4500003000400000005001700004008004100021040000800062082001800070084002500088100001700113245015600130250001200286260006200298300002400360504006400384650001900448650003400467650002700501OSt20260427173937.0260427b |||||||| |||| 00| 0 eng d ckul a628.1 bJIT.W 2Colon Classification aMishra, Jitu aWater for life and pleasure : ban exploratory journey through India's water heritage from bronze age civilisation to the modern period. /cJitu Mishra a1st ed. aNew Delhi :bPathak Publishers and Distributors ,c2024 . aviii, 128 p.bill ; aIncludes bibliographical references and index. (127-128 p.) aWater supply . aWater resources development . aRecreational water use